General Knowledge #16 - Statistics

General Stats
  • This quiz has been taken 65 times
    22 since last reset
  • The average score is 10 of 15
Answer Stats
Question Answer % Correct
Fromage is the French word for which type of food? Cheese
94%
Which company introduced the slogan ‘I’m Loving It’ in 2003? McDonalds
89%
Guernica (1937) is one of the best known works by which Spanish-born artist? Pablo Picasso
89%
Which rock band released the 1978 album Hotel California? The Eagles
89%
What kind of animals do we get cashmere wool from? Goats
83%
Which 26-mile running event derives its name from a town in Greece? Marathon
83%
What everyday items would a cobbler mend for you? Shoes
83%
Which city hosted the Summer Olympic Games in 1964 and again in 2021? Tokyo
78%
Aoraki (also known as Mount Cook) is the tallest mountain in which country? New Zealand
56%
In imperial measures, how many ounces are there in a pound? 16
50%
Which pen name was adopted by English novelist Mary Ann Evans? George Eliot
50%
Who directed the films Insomnia, Interstellar and Inception? Christopher Nolan
39%
Which show did Johnny Carson host over 6,000 times between 1962 & 1992? The Tonight Show
33%
In which year did The Battle of Waterloo take place? 1815
28%
Hallux is the technical term for which body part? The big toe
28%
No matching quizzes found
Score Distribution
Percent of People with Each Score
Percentile by Number Answered
Your Score History
You have not taken this quiz since the last reset